000 00597nam a2200181Ia 4500
008 100921s9999 xx 000 0 und d
082 _b17898
_a891.463 0
100 _aअभ्यंकर कुसुम.
245 _aउध्वस्त अंगण.
260 _bदिलिप प्रकाशन,मुंबई.
_c0
300 _a184
_b---
365 _b25
520 _aललित-कादंबरी.
630 _aउध्वस्त अंगण.
650 _aललित-कादंबरी.
730 _aउध्वस्त अंगण.
942 _cBOOK
999 _c767011
_d767008